| 000 | 05972namaa22004211i 4500 | ||
|---|---|---|---|
| 003 | OSt | ||
| 005 | 20260407125252.0 | ||
| 008 | 250827s2025 ua a|||frm||| 000 0 eng d | ||
| 040 |
_aEG-GICUC _bara _cEG-GICUC _dEG-GICUC _erda |
||
| 041 | 0 |
_aara _bara _beng |
|
| 049 | _aإيداع | ||
| 082 | 0 | 4 | _a027.7 |
| 092 |
_a027.7 _221 |
||
| 097 | _aمــــاجستير | ||
| 099 | _aCai01.02.07.M.A.2025.رض.ا | ||
| 100 | 0 |
_a،رضوى محمد محمد حميدة _eإعداد. |
|
| 245 | 1 | 2 |
_aالاستراتيجيات التسويقية لخدمات المكتبات والمعلومات بالمكتبات المركزية في الجامعات المصرية : _bدراسة تقييمية / _cإعداد رضوى محمد محمد حميدة؛ إشراف أ.د. شريف كامل شاهين، د.سحر حسنين ربيع. |
| 246 | 1 | 5 |
_aMarketing strategies for libraries and information services and products : _bAn evaluation study for the egyptian universities’ central libraries / |
| 264 | 0 | _c2025. | |
| 300 |
_a207 صفحة : _bإيضاحيات ؛ _c25 cm. + _eCD. |
||
| 336 |
_atext _2rda content |
||
| 337 |
_aUnmediated _2rdamedia |
||
| 338 |
_avolume _2rdacarrier |
||
| 502 | _aأطروحة (ماجستير)-جامعة القاهرة، 2025. | ||
| 504 | _aببليوجرافيا: صفحات 175-186. | ||
| 520 | _aتهدف الدراسة إلى تقيّيم الاستراتيجيات التسويقيّة المتبعة في المكتبات المركزية بالجامعات المصرية، وتسليط الضوء على دورها في تحسين مستوى خدمات المكتبات وزيادة رضا المستفيدين. استخدمت الدراسة منهجًا وصفيًا تحليليًا لجمع البيانات من عدد من المكتبات المركزية في الجامعات المصرية، من خلال قائمة مراجعة محكمة والمقابلات مع مدراء المكتبات المركزية والمسؤولين.تناولت الدراسة عدة محاور رئيسة، منها:-تحليل واقع الاستراتيجيات التسويقية المتبعة، ومدى فعاليتها في جذب المستفيدين.-حديد التحديات التي تواجه المكتبات في تطبيق هذه الاستراتيجيات.-استكشاف تأثير تطبيق الاستراتيجيات التسويقية على زيادة الإقبال على خدمات المكتبات وتحقيق الاستدامة.أظهرت النتائج أنَّ هناك تفاوتًا في استخدام المكتبات المركزية الجامعية للاستراتيجيات التسويقية، حيث يعتمد بعضها على أساليب تقليدية، بينما تبنت مكتبات أخرى مثال مكتبة جامعة مصر للعلوم والتكنولوجيا تقنيات حديثة مثل التسويق الإلكتروني ومنصات التواصل الاجتماعي، كما كشفت الدراسة إلى ضرورة تطوير استراتيجيات تسويقية مبتكرة وشاملة تواكب التغيرات التكتولوجية المستمرة، والتركيز على توظيف التكتولوجيا الحديثة وزيادة الوعي بأهمية التسويق بين العاملين في المكتبات. وقدمت الدراسة مجموعة من التوصيات لتحسين الإجراءات التسويقية وزيادة تأثيره في رفع مستوى خدمات المكتبات الجامعية. | ||
| 520 | _a The study aims to evaluate the marketing strategies followed in central libraries in Egyptian universities, and to highlight their role in improving the level of library services and increasing beneficiary satisfaction. The study used a descriptive analytical approach to collect data from a number of central libraries in Egyptian universities through a rigorous checklist and interviews with central library directors and officials. The study addressed several main elements, including: -Analyzing the reality of the marketing strategies followed, and their effectiveness in attracting beneficiaries. -Identifying the challenges facing libraries in implementing these strategies. -Exploring the impact of implementing marketing strategies on increasing demand for library services and achieving sustainability. The results showed that there is a disparity in the use of university central libraries of marketing strategies, as some of them rely on traditional methods, while other libraries, such as the Misr University Library for Science and Technology, have adopted modern technologies such as electronic marketing and social media platforms. The study also revealed the need to develop innovative and comprehensive marketing strategies that keep pace with ongoing technological changes, and to focus on employing modern technology and increasing awareness of the importance of marketing among library workers. The study presented a set of recommendations to improve marketing procedures and increase its impact in raising the level of university library services. | ||
| 530 | _aصدر أيضًا كقرص مدمج. | ||
| 546 | _aالنص بالعربية والملخص باللغة الإنجليزية والعربية. | ||
| 650 | 7 |
_aالمكتبات الجامعية _2qrmak |
|
| 653 | 0 |
_aالاستراتيجيات التسويقية _aالمكتبات الجامعية _aالمزيج التسويقي |
|
| 700 | 0 |
_aشريف كامل شاهين _eمشرف أطروحة. |
|
| 700 | 0 |
_aسحر حسنين ربيع _eمشرف أطروحة. |
|
| 900 |
_b18-01-2025 _cشريف كامل شاهين _cسحر حسنين ربيع _dرؤوف هلال _dليلى سميع _Uجامعة القاهرة _Fكلية الآداب _Dقسم المكتبات والوثائق والمعلومات |
||
| 905 |
_aSara _eAfaf |
||
| 942 |
_2ddc _cTH _e21 _n0 |
||
| 999 | _c178537 | ||